01101nam a2200313Ia 450000500170000000800370001702000180005404100080007208200170008024500740009725000180017130000250018949000410021460000280025561000530028365000380033665000380037465000590041265000430047165100460051470000450056094200120060526400320061733600270064933700330067633800280070904000350073799900150077220220317001849.0170410s2015 s g 000 0 s a9788429018622 aspa04a349.861bD2703aEl derecho en Colombiaccoordinadora Olga Lucía Alfonso Velásquez a1a. edición a167 páginasc21 cm aBiblioteca Iberoamericana de Derecho14aEstadozColombia978091 aColombiavConstitución políticay1991978092142LEMBaComercio exteriorzColombia142LEMBaFunción publicazColombia142LEMBaInversiones extranjerasvLegislaciónzColombia142LEMBaColombiavDerecho constitucional 4aColombiavAdministración publica9111251 aAlfonso Velásquez, Olga Lucía978095 2ddccBK aMadridbUbijus ; Reusc2015 atextobtxt2rdacontent asin mediaciónbn2rdamedia avolumenbnc2rdacarrier aCO-BoRNBPbspaerdacCO-BoRNBP c8345d8345